1945-nen no Kurisumasu : Nihonkoku kenpō ni "danjo byōdō" o kaita josei no jiden /
Saved in:
| Main Author: | |
|---|---|
| Other Authors: | |
| Format: | Book |
| Language: | Japanese |
| Published: |
Tōkyō :
Kashiwa Shobō,
1995.
|
| Subjects: | |
| Tags: |
Add Tag
No Tags, Be the first to tag this record!
|
| LEADER | 01460nam a2200361 a 4500 | ||
|---|---|---|---|
| 001 | 007789231-3 | ||
| 005 | 20020531103421.0 | ||
| 008 | 981002s1995 ja a b 000 0ajpn d | ||
| 020 | |a 4760110771 : |c Y1748 | ||
| 035 | 0 | |a ocm36090237 | |
| 035 | 1 | |a MAHO98B35 | |
| 035 | 1 | |z CUBO96B3443 | |
| 040 | |a CU |c CU |b NNC |d MH-L | ||
| 043 | |a n-us--- |a a-ja--- | ||
| 050 | 4 | |a HQ1236.5.J3 |b G64 1995 | |
| 100 | 1 | |a Gordon, Beate. | |
| 245 | 1 | 0 | |6 880-01 |a 1945-nen no Kurisumasu : |b Nihonkoku kenpō ni "danjo byōdō" o kaita josei no jiden / |c Beate Shirota Gōdon cho ; Hiraoka Makiko kōsei, bun. |
| 246 | 3 | |a Senkyūhyakuyonjūgo-nen no Kurisumasu | |
| 260 | |6 880-02 |a Tōkyō : |b Kashiwa Shobō, |c 1995. | ||
| 300 | |a 324 p. : |b ill. ; |c 20 cm. | ||
| 504 | |a Includes bibliographical references (p. 319-320). | ||
| 600 | 1 | 0 | |a Gordon, Beate. |
| 610 | 2 | 0 | |a Japan Society (New York, N.Y.) |v Biography. |
| 650 | 0 | |a Women's rights |z Japan |x History |y 20th century. | |
| 610 | 1 | 0 | |6 880-03 |a Japan. |t Kenpō (1946) |x Codification. |
| 650 | 0 | |a Constitutional law |z Japan. | |
| 700 | 1 | |6 880-04 |a Hiraoka, Makiko. | |
| 880 | 1 | 0 | |6 245-01 |a 1945年のクリスマス : |b 日本国憲法に「男女平等」を書いた女性の自伝 / |c ベアテ・シロタ・ゴードン著; 平岡磨紀子構成・文. |
| 880 | |6 260-02 |a 東京 : |b 柏書房, |c 1995. | ||
| 880 | 1 | 4 | |6 610-03 |a Japan. |t 憲法 (1946) |x Codification. |
| 880 | 1 | |6 700-04 |a 平岡磨紀子. | |
| 988 | |a 20021101 | ||
| 906 | |0 RLIN | ||


